000 00359nab a22001337a 4500
001 T027600012782-02
008 190830b xxu||||| |||| 00| 0 esp |
040 _aFEVP
_cFEVP
100 _aKalecki, Michal.
245 _aLucha de clases y distribución del ingreso nacional. (1970)
300 _app. 43-51
650 _aIntegración--América Latina
942 _cANL
999 _c18059
_d18059